000 00447nam a2200169Ia 4500
008 131103s9999 xx 000 0 und d
040 _aLoreto College
041 _aEnglish
082 _aCHBK
_b#NAME?
100 _aBhalekar, Asha
245 _aAkbar & Birbal
_b stories to read aloud
_cAsha Bhalekar
260 _aBombay
_bLalvani
_c1968
300 _a57p.
_b ill.
_c 19cm.
650 _aCHBK - 1
850 _aLCBED/CHBK - 1/BHA
942 _cBK
999 _c31249
_d81728